000 00700cam a22001337a 4500
008 180718b2000 xxu||||| |||| 00| 0 eng d
082 _aW17x5421 AC25/1991
100 _aIndia. Railway Accident Investigation Report on Derailment of 2311 UP Kalka Mail at Karchana Station ........
245 _aRailway Accident Investigation Report on Derailment of 2311 UP Kalka Mail at Karchana Station on Northern Railway on 15th February 1991
_cby Commission of Railway Safety, Ministry of Civil Aviation
260 _aDelhi
_bThe Controller of Publications
_c2000
300 _a29p.
650 _aRailways - Accidents - India - Karchana
700 _aIndia. Ministry of Civil Aviation. Commission of Railway Safety
999 _c489290
_d489290